000 00524nam a22002057a 4500
003 UA-OsUOA
001 51598
007 ta
008 20080116b un ||||| |||| 00| 0 ukr d
090 _a330
_bЗ-11
942 _cSA
040 _aUA-OsUOA
_bukr
_cUA-OsUOA
_dUA-OsUOA
245 _aЗемля в передмісті Києва за рік подорожчала на 67%.
300 _aС.2
955 _a0
041 _aukr
080 _a330
773 0 _w51593
650 7 _a330 Економіка взагалі
_2UDC
999 _c337683
_d337683